000 004330000a22001690004500
041 0 _aENG
082 0 4 _aG 252 M1613a
100 1 _aMaclaren, Alexander (1826-1910)
245 1 0 _aLast sheaves / Alexander Maclaren
260 _aNew York, USA : Funk & Wagnalls
300 _a310 Pag
001 6190
942 _cBK
999 _c36474
_d36474
336 _atexto
_btxt
_2rdacontent
337 _2rdamedia
_asin mediación
_bn
338 _2rdacarrier
_avolumen
_bnc